| 000 | 00698nam a22002657a 4500 | ||
|---|---|---|---|
| 001 | 22476 | ||
| 003 | UA-OsUOA | ||
| 005 | 20200205170538.0 | ||
| 007 | ta | ||
| 008 | 20031221b un ||||| |||| 00| 0 ukr d | ||
| 020 | _a9660600038 | ||
| 040 |
_aUA-OsUOA _bukr _cUA-OsUOA _dUA-OsUOA |
||
| 041 | _aukr | ||
| 044 | _aUA | ||
| 080 | _a18 | ||
| 090 |
_a18 _bЛ38 |
||
| 100 | _aЛевчук Л.Т. | ||
| 245 |
_aЗахідноєвропейська естетика ХХ століття _bнавч. посіб. |
||
| 260 |
_aК. _bЛибідь _c1997 |
||
| 300 | _a224 с. | ||
| 650 | 7 | _2UDC | |
| 942 |
_cBK _2udc |
||
| 955 | _a0 | ||
| 999 |
_c308696 _d308696 |
||